000 00600nam a22001937a 4500
005 20251108171132.0
008 250721s1995 xx 000 0 ara d
082 1 4 _a222/سقا
100 1 _aالسقا، أحمد حجازي
245 1 0 _aنقد التوراة :
_bأسفار موسى الخمسة السامرية - العبرانية - اليونانية /
264 1 _aبيروت :
_bدار الجيل،
_c1995.
300 _a376ص
650 1 7 _aاليهودية
650 1 7 _aالتوراة
650 1 7 _aاليهود
650 1 7 _aالتاريخ
942 _2ddc
_cBK
999 _c57496
_d57496